| 000 | 00970nas a2200289 4500 | ||
|---|---|---|---|
| 001 | BR9511598 | ||
| 003 | BR-BrBNA | ||
| 005 | 20231205094639.0 | ||
| 007 | ta | ||
| 008 | 230509b bl.|||p| |||| 00| 00por d | ||
| 040 |
_aBR-BrBNA _bpor _cBiblioteca Nacional de Agricultura |
||
| 041 | _a(Pt) | ||
| 072 | _aF02 | ||
| 100 | 1 | _aCunha Sobrinho, A.P. da | |
| 100 | 1 | _aSoares Filho, W. dos S. | |
| 100 | 1 | _aPassos, O.S. | |
| 100 | 1 | _aCaldas, R.C. | |
| 111 | 1 |
_a12. Congresso Brasileiro de Fruticultura _cPorto Alegre, RS (Brazil) _d17-22 Jan 1993 |
|
| 245 | 1 | _aInfluencia de porta-enxertos na qualidade do fruto de laranjeira "baianinha" sob condicoes tropicais | |
| 650 | _aLaranja Baia | ||
| 650 | _aPorta Enxerto | ||
| 650 | _aPropriedade Fisico-quimica | ||
| 650 | _aAcidez | ||
| 773 | 0 |
_tRevista Brasileira de Fruticultura (Brazil) _xISSN 0100-2945 _g1992, v. 14(3) p. 99-104 _wBR9511598 |
|
| 909 |
_a202311 _bLúcia _c55 _dLúcia Elande |
||
| 942 |
_2AGRIS _n0 _cANA |
||
| 999 |
_c145867 _d145867 |
||